01507nam a2200277 a 4500001001000000005001700010008004100027041000800068044000700076084002100083100004500104245012300149260003300272300001700305500016300322500012900485500028300614500001000897546002500907650005200932650005600984650003401040650004501074700006001119740005001179BRCA_300420190320204051.0190109s1704----fr-#---###---#000-0#fre-u afre afr a326b.B374c17041 aCervantes Saavedra, Miguel ded1547-161610aHistoire de L´Admirable Don Quixote de la ManchecMiguel de Cervantes Saavedra; Traduite par Filleau de Saint-Martin. aParísbClaude Barbinc1704 a5 v.c14 cm. aContenido : v 1. Primera parte. Advertencia del autor. Texto. -- v 2. Texto. -- v 3. Segunda parte. Texto. -- v 4. Texto. -- v 5. Continuación del traductor aEdición : Nouvelle Edition Revuë et Corrigee D´Une Infinité de Fautes qui S´Étorent Glissées Danse Precédentes aCopia del LO-325. Aunque la portada indica que se han corregido las faltas con que aparecieron las anteriores ediciones, es lo cierto, como dice L. Rius, que la única mejora fue la consistente en modernizar la ortografía. Piel; lomeras decoradas con doradas Lúdovik Osterc aQM254 aTexto en : francés14aNovela españolayÉpoca clásica, 1500-170014aLiteratura españolayÉpoca clásica, 1500-170014aNovela españolaySiglo XVII14aDon Quijote (Personaje ficticio)eNovela1 aSaint-Martin, Francois Filleau ded1632-1695eTraductor0 aEl Ingenioso Hidalgo Don Quijote de la Mancha